This is my heritage. (Record no. 556969)

MARC details
000 -LEADER
fixed length control field 01300cam a2200325I 4500
001 - CONTROL NUMBER
control field thisismyheritage00schm
003 - CONTROL NUMBER IDENTIFIER
control field CaSfIA
005 - DATE AND TIME OF LATEST TRANSACTION
control field 20210119102515.0
007 - PHYSICAL DESCRIPTION FIXED FIELD--GENERAL INFORMATION
fixed length control field cr||||
008 - FIXED-LENGTH DATA ELEMENTS--GENERAL INFORMATION
fixed length control field 751015s1953 nyu 000 1 eng
010 ## - LIBRARY OF CONGRESS CONTROL NUMBER
LC control number 53006812
040 ## - CATALOGING SOURCE
Original cataloging agency DLC
Transcribing agency DZM
Modifying agency OCL
-- UKM
-- MUS
-- CaSfIA
015 ## - NATIONAL BIBLIOGRAPHY NUMBER
National bibliography number GB58-3759
035 ## - SYSTEM CONTROL NUMBER
System control number (OCoLC)1705594
050 04 - LIBRARY OF CONGRESS CALL NUMBER
Classification number PZ7.S356
092 ## - LOCALLY ASSIGNED DEWEY CALL NUMBER (OCLC)
Classification number J
Item number S35343th
029 1# - (OCLC)
OCLC library identifier UKM
System control number b5803759
029 1# - (OCLC)
OCLC library identifier AU@
System control number 000026903342
100 1# - MAIN ENTRY--PERSONAL NAME
Personal name Schmidt, Sarah Lindsay.
245 10 - TITLE STATEMENT
Title This is my heritage.
Medium [electronic resource]
260 ## - PUBLICATION, DISTRIBUTION, ETC. (IMPRINT)
Place of publication, distribution, etc New York,
Name of publisher, distributor, etc Abelard Press
Date of publication, distribution, etc [1953]
300 ## - PHYSICAL DESCRIPTION
Extent 242 p.
Dimensions 22 cm.
506 ## - RESTRICTIONS ON ACCESS NOTE
Standardized terminology for access restriction Необхідна авторизація на https://archive.org/ (створення облікового запису безкоштовно)
506 ## - RESTRICTIONS ON ACCESS NOTE
Standardized terminology for access restriction Необхідна авторизація на https://openlibrary.org/ (створення облікового запису безкоштовно)
651 #0 - SUBJECT ADDED ENTRY--GEOGRAPHIC NAME
Geographic name Colorado
Form subdivision Juvenile fiction.
650 #0 - SUBJECT ADDED ENTRY--TOPICAL TERM
Topical term or geographic name as entry element Farm life
Form subdivision Juvenile fiction.
856 41 - ELECTRONIC LOCATION AND ACCESS
Uniform Resource Identifier <a href="http://www.archive.org/details/thisismyheritage00schm">http://www.archive.org/details/thisismyheritage00schm</a>
Public note Free eBook from the Internet Archive
856 42 - ELECTRONIC LOCATION AND ACCESS
Uniform Resource Identifier <a href="http://www.openlibrary.org/books/OL6133928M">http://www.openlibrary.org/books/OL6133928M</a>
Public note Additional information and access via Open Library
942 ## - ADDED ENTRY ELEMENTS (KOHA)
Koha item type ЕКнига

No items available.